00818 a2200205 450000500170000000800410001701000140005802000240007203500130009603700150010908200110012410000350013524502560017026000390042627000460046530000310051150000270054270000260056970000170059520080911163315.0080911t xxu||||| |||| 00| 0 eng d aENG-87725 a8184241240c4950.00 aEN-71258 bDBAD / PUB a620.82 aedited by Debkumar Chakrabarti aInternational ergonomics conference on humanizing work and work environment (3rd : 2005 : Guwahati) HWWE 2005, humanizing work and work environmentbproceedings of the International ergonomics conference, Dec. 10-12, 2005 organized by IIT, Guwahati aNew DelhibAllied Publishersc2006 a1/13-14 Asaf Ali RoadbNew Delhie110 002 a1102 p.bill.c28 cm. (Hb) aincluding author index aChakrabarti, Debkumar aDas, Abhijit